00265nam a2200109Ia 4500008004100000082001300041100001700054245003800071260003000109300000800139650000800147191201s2010 xx 000 0 und d a657bAHA aAHMED,Naseem 0aAccounting and Financial analysis aN. delhibAne Booksc2010 a608 aBBA